000 00632cab a2200241 4500
001 ABS60341
008 090401t1999 xxu||||| |||| 00| 0 eng d
035 _a(Sirsi) u92264
041 _aeng
100 _aHamilton, B.
245 _aConsequences of a quarry tax
260 _c1999
350 _a0
490 _aPlanning (for the Natural and Built Environment)
_v(1310) 19 March 1999, 10(1)
650 _aAGGREGATES TAX
650 _aBUDGET 1999
650 _aMINERALS PLANNING GUIDANCE NOTE SIX
650 _aQUARRY TAX
650 _aQUARRYING
690 _aMINING AND MINERALS
942 _n0
948 _c23/03/1999
999 _c58503
_d58503